00835 2200277 4500001002100000005001500021020002200036035002400058040001200082082001600094084002000110090002000130100003200150245013500182250001100317260003500328300002900363504003100392650003400423700002200457700001800479850001200497990001600509990001600525990001600541YOGYA00000000009959520140823124221 a978-602-97032-1-4 0010-101300000000488 aYOPDYOG 2[22]a297.9 aNUS 297.9 Nas M aNUS 297.9 Nas M aNASRUDDIN ANSHORIY CN, H.M. aMatahari pembaruanbRekam jejak K.H. Ahmad DahlanmcH.M. Nasruddin Anshoriy CN ; penyunting, Mustrofa W. Hasyim dan Pratiwi Utami. aCet.1. aYogyakartabGalang Pressc2010 a187 hlm.c23 cm (3 eks.) aBibliografi : hlm. 167-176 aBiografi Islam (Ahmad Dahlan) aMustafa W. Hasyim aPratiwi Utami aYOPDYOG a0649/B.2013 a0650/B.2013 a0651/B.2013